<?xml version="1.0" encoding="UTF-8"?>
<record
    xmlns:xsi="http://www.w3.org/2001/XMLSchema-instance"
    xsi:schemaLocation="http://www.loc.gov/MARC21/slim http://www.loc.gov/standards/marcxml/schema/MARC21slim.xsd"
    xmlns="http://www.loc.gov/MARC21/slim">

  <leader>01015nam2a2200253 i 4500</leader>
  <controlfield tag="001">RU\NLR\BIBL_A\010863746</controlfield>
  <controlfield tag="005">20240728231618.0</controlfield>
  <datafield tag="010" ind1=" " ind2=" ">
    <subfield code="a">9785716406278</subfield>
    <subfield code="9">500</subfield>
  </datafield>
  <datafield tag="021" ind1=" " ind2=" ">
    <subfield code="a">RU</subfield>
    <subfield code="b">2015-73118</subfield>
    <subfield code="9">4395</subfield>
  </datafield>
  <datafield tag="035" ind1=" " ind2=" ">
    <subfield code="a">(NLR Aleph) 010863746</subfield>
  </datafield>
  <datafield tag="090" ind1=" " ind2=" ">
    <subfield code="a">10434038</subfield>
    <subfield code="c">10434038</subfield>
  </datafield>
  <datafield tag="100" ind1=" " ind2=" ">
    <subfield code="a">20151019d2015    k  y0rusy50      ca</subfield>
  </datafield>
  <datafield tag="101" ind1="0" ind2=" ">
    <subfield code="a">rus</subfield>
  </datafield>
  <datafield tag="102" ind1=" " ind2=" ">
    <subfield code="a">RU</subfield>
  </datafield>
  <datafield tag="105" ind1=" " ind2=" ">
    <subfield code="a">a   z   000yy</subfield>
  </datafield>
  <datafield tag="200" ind1="0" ind2=" ">
    <subfield code="a">&#x41A;&#x43D;. 1</subfield>
  </datafield>
  <datafield tag="210" ind1=" " ind2=" ">
    <subfield code="d">2015</subfield>
  </datafield>
  <datafield tag="215" ind1=" " ind2=" ">
    <subfield code="a">301, [2] &#x441;.</subfield>
    <subfield code="c">&#x438;&#x43B;.</subfield>
  </datafield>
  <datafield tag="320" ind1=" " ind2=" ">
    <subfield code="a">&#x411;&#x438;&#x431;&#x43B;&#x438;&#x43E;&#x433;&#x440;. &#x432; &#x43A;&#x43E;&#x43D;&#x446;&#x435; &#x43A;&#x43D;. (126 &#x43D;&#x430;&#x437;&#x432;.)</subfield>
  </datafield>
  <datafield tag="461" ind1=" " ind2="0">
    <subfield code="1">001RU\NLR\BIBL_A\010910712</subfield>
    <subfield code="1">2001#$a&#x422;&#x440;&#x435;&#x442;&#x438;&#x439; &#x432;&#x435;&#x43A;&#x442;&#x43E;&#x440;$e(&#x433;&#x438;&#x43F;&#x43E;&#x442;&#x435;&#x437;&#x44B; &#x438; &#x444;&#x430;&#x43A;&#x442;&#x44B;)$f&#x411;&#x443;&#x442;&#x443;&#x440;&#x43B;&#x438;&#x43D;&#x446;&#x435;&#x432; &#x412;.&#x411;.$v&#x41A;&#x43D;. 1</subfield>
    <subfield code="1">700#1$a&#x411;&#x443;&#x442;&#x443;&#x440;&#x43B;&#x438;&#x43D;&#x446;&#x435;&#x432;$b&#x412;.&#x411;.$g&#x412;&#x43B;&#x430;&#x434;&#x438;&#x43C;&#x438;&#x440; &#x411;&#x43E;&#x440;&#x438;&#x441;&#x43E;&#x432;&#x438;&#x447;</subfield>
    <subfield code="9">10628761</subfield>
    <subfield code="a">&#x411;&#x443;&#x442;&#x443;&#x440;&#x43B;&#x438;&#x43D;&#x446;&#x435;&#x432;, &#x412;.&#x411;.</subfield>
    <subfield code="c">&#x41C;&#x43E;&#x441;&#x43A;&#x432;&#x430;</subfield>
    <subfield code="d">2015</subfield>
    <subfield code="f">&#x411;&#x443;&#x442;&#x443;&#x440;&#x43B;&#x438;&#x43D;&#x446;&#x435;&#x432; &#x412;.&#x411;.</subfield>
    <subfield code="n">[&#x431;.&#x438;.]</subfield>
    <subfield code="o">(&#x433;&#x438;&#x43F;&#x43E;&#x442;&#x435;&#x437;&#x44B; &#x438; &#x444;&#x430;&#x43A;&#x442;&#x44B;)</subfield>
    <subfield code="t">&#x422;&#x440;&#x435;&#x442;&#x438;&#x439; &#x432;&#x435;&#x43A;&#x442;&#x43E;&#x440;</subfield>
    <subfield code="v">&#x41A;&#x43D;. 1</subfield>
  </datafield>
  <datafield tag="942" ind1=" " ind2=" ">
    <subfield code="c">BOOK</subfield>
  </datafield>
  <datafield tag="980" ind1=" " ind2=" ">
    <subfield code="a">NBR</subfield>
  </datafield>
</record>
